Personnages de Tokyo Revengers par image - Statistiques

Statistiques générales
  • Ce quiz a été pris 799 fois
  • Le résultat moyen est 12 sur 16
Statistiques - réponses
Par images Hint Réponse % Correct
Takemichi Hanagaki
95%
Emma Sano
92%
Kazutora Hanemiya
87%
Baji Keisuke
83%
Smiley (Kawata Nahoya)
82%
Hinata Tachibana
77%
Hanma Shuji
76%
Mitsuya Takashi
76%
Chifuyu Matsuno
74%
Draken (Ken Ryuguji)
74%
Kisaki Tetta
70%
Mikey (Manjiro Sano)
68%
Pachin (Haruki Hayashida)
67%
Naoto Tachibana
65%
Shinichiro Sano
65%
Atsushi Sendo (Akkun-Atsu)
48%
Aucun quiz correspondant
Distribution des résultats
% des personnes avec chaque résultat
Percentile par nombre de réponses
Votre historique - résultats
Vous n’avez pas pris ce quiz